书目信息 |
| 题名: |
美国法律史
|
|
| 作者: | 弗里德曼, , 伯纳德·施瓦茨 著 ;苏彦新 , 王娟 , 杨松才 , 苏彦新 … 等 译 | |
| 分册: | ||
| 出版信息: | 北京 法律出版社 2007.11 |
|
| 页数: | 790页 | |
| 开本: | 21cm | |
| 丛书名: | 美国哲学社会科学名著丛书 | |
| 单 册: | ||
| 中图分类: | D971.29 | |
| 科图分类: | ||
| 主题词: | 法制史--fa zhi shi--美国 | |
| 电子资源: | ||
| ISBN: | 978-7-5036-7704-5 | |
| 000 | 01389nam 2200349 450 | |
| 001 | 012008902342 | |
| 005 | 20091228161950.89 | |
| 010 | @a978-7-5036-7704-5@dCNY49.00 | |
| 100 | @a20080613d2007 em y0chiy0120 ea | |
| 101 | 1 | @achi@ceng |
| 102 | @aCN@b110000 | |
| 105 | @ay z 000yy | |
| 106 | @ar | |
| 200 | 1 | @a美国法律史@Amei guo fa lu shi@f(美)伯纳德·施瓦茨著;苏彦新 … [等] 译@F(mei)bo na de·shi wa ci zhu;su yan xin…[deng]yi@g苏彦新 ... [等] 译@Gsu yan xin...[deng]yi |
| 210 | @a北京@c法律出版社@d2007.11 | |
| 215 | @a790页@d21cm | |
| 225 | 2 | @a美国哲学社会科学名著丛书@Amei guo zhe xue she hui ke xue ming zhu cong shu |
| 304 | @a题名页题 : 苏彦新, 王娟, 杨松才, 司久贵等译 | |
| 312 | @a英文并列题名取自封面 | |
| 330 | @a本书为美国艺术与自然科学院院士、斯坦福大学法学教授弗里德曼的代表作,曾荣获美国法学院协会奖,已成为美国大学法学院学生的经典性必读书。 | |
| 410 | 0 | @12001 @a美国哲学社会科学名著丛书 |
| 500 | 10 | @aHistory of American law@mChinese |
| 606 | 0 | @a法制史@Afa zhi shi@y美国 |
| 690 | @aD971.29@v4 | |
| 701 | 1 | @a弗里德曼,@Afu li de man@b劳伦斯·M.@4著 |
| 701 | 0 | @a伯纳德·施瓦茨@Abo na de·shi wa ci@4著 |
| 702 | 0 | @a苏彦新@Asu yan xin@4译 |
| 702 | 0 | @a王娟@Awang juan@4译 |
| 702 | 0 | @a杨松才@Ayang song cai@4译 |
| 702 | 0 | @a苏彦新 … 等@Asu yan xin…deng@4译 |
| 801 | 0 | @aCN@bQSSK@c20091228 |
| 905 | @b727584-85@dD971.29@eB915@f2 | |
| 美国法律史/(美)伯纳德·施瓦茨著;苏彦新 … [等] 译/苏彦新 ... [等] 译.-北京:法律出版社,2007.11 |
| 790页;21cm.-(美国哲学社会科学名著丛书) |
| ISBN 978-7-5036-7704-5:CNY49.00 |
| 本书为美国艺术与自然科学院院士、斯坦福大学法学教授弗里德曼的代表作,曾荣获美国法学院协会奖,已成为美国大学法学院学生的经典性必读书。 |
| ● |
| 相关链接 |
|
|
|
正题名:美国法律史
索取号:D971.29/B915
 
预约/预借
| 序号 | 登录号 | 条形码 | 馆藏地/架位号 | 状态 | 备注 |
| 1 | 727584 | 207275848 | 社科库509/509社科库 109排1列3层/ [索取号:D971.29/B915] | 在馆 | |
| 2 | 727585 | 207275857 | 社科库509/509社科库 109排1列3层/ [索取号:D971.29/B915] | 在馆 |